[Event "CRO-ch 2019"]
[Site "Bjelovar"]
[Date "2019.04.08"]
[Round "8.6"]
[White "Martinovic, Sasa"]
[Black "Jovanovic, Zoran"]
[Result "1-0"]
[WhiteElo "2555"]
[BlackElo "2511"]
[Annotator "TA"]
[PlyCount "51"]
[EventDate "2019.04.01"]
[EventType "tourn"]
[EventCountry "CRO"]
[SourceTitle "playchess.com"]
[Source "ChessBase"]
[SourceQuality "1"]

{[%evp 13,51,46,52,60,62,52,60,50,139,138,118,135,193,146,149,169,168,165,283,283,280,276,285,277,280,279,347,344,381,370,429,436,422,427,508,466,460,455,436,439]} 1. d4 d6 2. Nf3 g6 3. e4 Nf6 4. Nc3 c6 5. Be3 Qa5 (5... Nbd7 6. Qd2 e5 7. O-O-O Qa5 8. Kb1 Bg7 9. Bh6 O-O 10. h4 b5 11. h5 b4 12. Ne2 Nxe4 13. Qe3 Ndf6 14. Bxg7 Kxg7 15. hxg6 fxg6 16. dxe5 dxe5 {½-½ (67) Giri,A (2782)-Mamedyarov,S (2801) chess.com INT 2018}) 6. Bd3 {B08: Pirc Defence: Classical System} Bg7 7. Qd2 Bg4 {LiveBook: 27 Games} 8. Nh4 {White is slightly better.} e5 9. h3 {dxe5 is the strong threat.} Be6 10. f4 {[%cal Bf2f4,Bf4f5][%mdl 32]} Nh5 $146 {[#]} ({Black should play} 10... exd4 $14 11. Bxd4 Nbd7) ({Predecessor:} 10... exf4 11. Bxf4 Nh5 12. Be3 c5 13. d5 {1-0 (33) Ivanov,A (2605)-Yedidia,J (2499) Warwick 1998}) 11. dxe5 $1 $16 dxe5 12. f5 Bf6 (12... gxf5 $16 {was called for.} 13. Nxf5 (13. exf5 Bd5 $16) 13... Bxf5 14. exf5 Nd7) 13. O-O ({Resist} 13. fxe6 $6 Bxh4+ 14. Bf2 Bxf2+ 15. Qxf2 Rf8 $14) 13... Bxh4 14. fxe6 fxe6 15. Rad1 Qb4 (15... Qd8 $142 16. Ne2 Nd7) 16. Nb5 $18 Qxd2 17. Nd6+ {[%mdl 64] [#] Double Attack} Kd8 18. Rxd2 Nd7 19. Rf7 ({Don't do} 19. Nxb7+ $6 Kc7 $18) 19... Kc7 20. Bc4 Nhf6 21. Bxe6 Rad8 22. g3 {White is clearly winning.} Bxg3 23. Bg5 Rdf8 {Threatening ...Rxf7.} 24. Bxf6 Rxf7 25. Nxf7 Nxf6 26. Nxh8 {Accuracy: White = 89%, Black = 58%.} 1-0

[Event "CRO-ch 2019"]
[Site "Bjelovar"]
[Date "2019.04.09"]
[Round "9.1"]
[White "Jovanovic, Zoran"]
[Black "Bosiocic, Marin"]
[Result "1/2-1/2"]
[WhiteElo "2511"]
[BlackElo "2613"]
[Annotator "ChessBase"]
[PlyCount "119"]
[EventDate "2019.04.01"]
[EventType "tourn"]
[EventCountry "CRO"]
[SourceTitle "playchess.com"]
[Source "ChessBase"]
[SourceQuality "1"]
[TimeControl "40/5400+30:1800+30"]

1. e4 e5 2. Nf3 Nc6 3. Nc3 Nf6 4. Bb5 Bd6 5. d3 O-O 6. Bg5 Be7 7. O-O d6 8. Bxc6 bxc6 9. d4 Nd7 10. Bxe7 Qxe7 11. Re1 f6 12. Ne2 Re8 13. Ng3 Nf8 14. Qd3 Be6 15. Qc3 Qd7 16. Rad1 Ng6 17. Nd2 a5 18. Nc4 a4 19. b3 Ra6 20. Ne3 Rea8 21. Ne2 Qc8 22. Rf1 Nf4 23. Qd2 axb3 24. axb3 Ra2 25. Nc3 R2a5 26. Ne2 Qe8 27. d5 Nxe2+ 28. Qxe2 cxd5 29. exd5 Bd7 30. Qd2 Ra2 31. Qc3 Bb5 32. Rfe1 Qf7 33. Ra1 f5 34. Rxa2 Rxa2 35. Qb4 Be8 36. f4 exf4 37. Qxf4 Bd7 38. Rf1 {[%emt 1:37:20]} h6 {[%emt 1:28:00]} 39. h4 {[%emt 0:00:30]} Kh7 {[%emt 0:03:24]} 40. g4 {[%emt 0:00:00]} Qg6 {[%emt 0:00:00]} 41. h5 {[%emt 0:07:40]} Qe8 {[%emt 0:04:06]} 42. gxf5 {[%emt 0:05:30]} Qxh5 {[%emt 0:01:30]} 43. Qe4 {[%emt 0:06:30]} Ra8 {[%emt 0:04:30]} 44. f6+ {[%emt 0:01:30]} Qg6+ {[%emt 0:00:30]} 45. Qxg6+ {[%emt 0:00:00]} Kxg6 {[%emt 0:00:00]} 46. fxg7 {[%emt 0:00:00]} Kxg7 {[%emt 0:00:00]} 47. Rf4 {[%emt 0:00:30]} Re8 {[%emt 0:01:30]} 48. Kf2 {[%emt 0:00:00]} Rf8 {[%emt 0:00:30]} 49. Kg3 {[%emt 0:06:56]} Rxf4 {[%emt 0:00:30]} 50. Kxf4 {[%emt 0:00:02]} Kf6 {[%emt 0:00:30]} 51. c4 {[%emt 0:00:22]} h5 {[%emt 0:00:30]} 52. Ng2 {[%emt 0:04:38]} Bh3 {[%emt 0:00:30]} 53. Nh4 {[%emt 0:00:18]} Bf1 {[%emt 0:00:30]} 54. Nf5 {[%emt 0:00:19]} Bh3 {[%emt 0:04:30]} 55. Nh4 {[%emt 0:01:44]} Bg4 {[%emt 0:03:30]} 56. b4 {[%emt 0:00:17]} Be2 {[%emt 0:00:30]} 57. c5 {[%emt 0:00:08]} Bd3 {[%emt 0:02:30]} 58. cxd6 {[%emt 0:00:21]} cxd6 {[%emt 0:00:30]} 59. b5 {[%emt 0:00:03]} Bxb5 {[%emt 0:01:30]} 60. Ke4 {[%emt 0:00:47]} 1/2-1/2

[Event "CRO-ch 2019"]
[Site "Bjelovar"]
[Date "2019.04.09"]
[Round "9.2"]
[White "Kozul, Zdenko"]
[Black "Martinovic, Sasa"]
[Result "1/2-1/2"]
[WhiteElo "2589"]
[BlackElo "2555"]
[Annotator "TA"]
[PlyCount "88"]
[EventDate "2019.04.01"]
[EventType "tourn"]
[EventCountry "CRO"]
[SourceTitle "playchess.com"]
[Source "ChessBase"]
[SourceQuality "1"]

{[%evp 24,88,25,21,22,9,13,8,12,5,14,0,0,0,24,27,27,31,37,0,23,23,43,0,0,0,0,-11,-8,-8,-12,-9,-8,-8,-9,-11,-9,-33,-39,-27,-31,-28,-19,-39,0,0,0,-13,-10,-24,-33,-22,-25,-66,-37,-66,0,-1,0,0,0,0,0,0,6,4,4]} 1. d4 d5 2. c4 c6 3. Nf3 Nf6 4. e3 e6 5. Bd3 Bd6 6. O-O O-O 7. Nbd2 Nbd7 8. e4 e5 9. cxd5 cxd5 10. exd5 exd4 11. Ne4 Nxe4 12. Bxe4 Nf6 13. Bg5 Be7 {D30: Queen's Gambit Declined: Systems without Nc3} 14. Bxf6 Bxf6 15. Qd3 g6 16. Nxd4 Qb6 17. Rfd1 Qxb2 18. Rab1 Qxd4 (18... Qxa2 {with more complications.} 19. Nb5 Rb8 20. d6 Bg4 21. Bf3 Bf5) 19. Qxd4 Bxd4 20. Rxd4 Rd8 {[#]} 21. f3 $146 ({Predecessor:} 21. d6) 21... Kf8 22. d6 Rb8 23. Rc1 Be6 24. Rc7 Rd7 25. a4 Rxc7 26. dxc7 $11 {[%mdl 4096] Endgame KRB-KRB} Rc8 27. Bxb7 Rxc7 28. Ba6 Ke7 29. Rb4 Kd6 30. Bf1 Rc1 31. Kf2 Ra1 32. Bb5 Ra2+ 33. Kg3 Kc5 (33... a5 $5 {[%cal Ra5b4]} 34. Rd4+ Ke7 $11) 34. Rb1 g5 35. Rc1+ Kb4 36. h3 a5 37. Rc7 h5 38. Be8 h4+ 39. Kh2 f6 (39... Rd2 $15) 40. Rb7+ {The position is equal.} Kc3 41. Rb5 Bc4 42. Rc5 {[#] Black must now prevent Bb5.} Rc2 43. Rxa5 Kb4 44. Rf5 Bf1 $1 {Accuracy: White = 51%, Black = 72%.} 1/2-1/2

[Event "CRO-ch 2019"]
[Site "Bjelovar"]
[Date "2019.04.09"]
[Round "9.3"]
[White "Jovanic, Ognjen"]
[Black "Kovacevic, Blazimir"]
[Result "1-0"]
[WhiteElo "2515"]
[BlackElo "2475"]
[Annotator "TA"]
[PlyCount "111"]
[EventDate "2019.04.01"]
[EventType "tourn"]
[EventCountry "CRO"]
[SourceTitle "playchess.com"]
[Source "ChessBase"]
[SourceQuality "1"]

{[%evp 9,111,34,42,16,29,20,11,14,24,19,35,17,20,8,38,9,30,34,51,7,50,42,51,55,54,38,44,50,103,103,103,98,100,91,99,93,89,93,118,85,118,101,99,82,138,137,132,151,156,148,395,379,452,447,456,448,454,257,204,69,63,0,109,103,121,121,100,110,92,95,98,103,95,40,51,8,8,8,26,39,3622,1178,6528,5095,7923,9983,29945,12520,9202,7768,29940,11728,9764,7542,29974,29976,29975,29976,29980,29981,29983,29984,29985,29986]} 1. d4 e6 2. c4 b6 3. e4 Bb4+ 4. Bd2 Bxd2+ 5. Qxd2 Ne7 6. Nc3 {C01: French: Exchange Variation} d5 7. Bd3 $146 ({Predecessor:} 7. cxd5 exd5 8. exd5 O-O 9. Bc4 Ba6 10. Qd3 Bb7 11. Nf3 Nxd5 12. Nxd5 Bxd5 {0-1 (76) Levin,E (2516)-Melkumyan,H (2670) St Petersburg 2018}) 7... Ba6 8. cxd5 {The position is equal.} Bxd3 9. Qxd3 {And now dxe6 would win.} exd5 10. Nf3 O-O 11. O-O Nbc6 12. a3 dxe4 13. Qxe4 Na5 14. Rac1 Ng6 15. Rfe1 $36 {[%mdl 2048] White fights for an advantage.} Qd7 16. Ne5 Nxe5 17. dxe5 {Strongly threatening Red1.} Rad8 18. f4 Qd4+ (18... Nb3 $14) 19. Qxd4 $16 Rxd4 20. Nb5 $1 {[%cal Rb5d4]} Rxf4 21. Rxc7 a6 22. Nd6 Nb3 23. Rf1 Rxf1+ 24. Kxf1 {[%mdl 4096] Endgame KRN-KRN} Nc5 25. b4 {[%cal Bb2b4,Bb4b5,Bb5b6,Bb6b7][%mdl 32]} Nd3 26. Rb7 a5 (26... Nxe5 $142 27. Rxb6 Ra8) 27. b5 Nxe5 28. Rxb6 Rd8 29. Ra6 g6 $2 (29... Kf8 $16 30. b6 Ke7 31. Nf5+ Kd7) 30. b6 $1 $18 Rb8 {intending ...Kf8.} ({Reject} 30... Rxd6 31. b7 $1 $18 {[%mdl 512]}) 31. b7 Kf8 32. Rxa5 Nd7 {Black hopes to continue with ...Ke7.} 33. Rb5 (33. a4 $142) 33... Ke7 34. Nc8+ (34. Ne4 $18) 34... Kd8 $1 $14 35. Nd6 ({Better is} 35. Ke2 $14) 35... Kc7 (35... Ke7 $1 $11 {keeps the balance.} 36. Nc4 Kd8) 36. Nc4 $1 $16 ({Don't go for} 36. Nxf7 $2 Rf8 $19) 36... Rxb7 37. Rxb7+ Kxb7 {KN-KN} 38. Nd6+ Kc6 39. Nxf7 Kb5 40. Kf2 Ka4 41. Kf3 ({White should try} 41. Ke3 $16) 41... Kxa3 $14 42. Ng5 Nf6 $1 43. Kf4 {Hoping for h3.} Kb4 44. h3 {Threatens to win with Ke5.} Nh5+ $2 {[%mdl 8192]} (44... Kc4 $14) 45. Ke4 $18 h6 46. Nf7 $1 {[%cal Rf7h6]} Kc5 {[#]} 47. g4 $1 {[%cal Rg4h5]} Ng3+ 48. Kf3 Nf1 49. Nxh6 Kd5 {[#]} 50. Kf4 $1 {[%cal Rf4g5]} Nd2 51. Kg5 Ne4+ 52. Kxg6 {White mates.} Ke5 53. h4 Kf4 54. g5 Kg3 55. h5 Kh4 56. Nf7 {Accuracy: White = 66%, Black = 37%.} 1-0

[Event "CRO-ch 2019"]
[Site "Bjelovar"]
[Date "2019.04.09"]
[Round "9.4"]
[White "Stevic, Hrvoje"]
[Black "Saric, Ante"]
[Result "1/2-1/2"]
[WhiteElo "2586"]
[BlackElo "2530"]
[Annotator "RC"]
[PlyCount "48"]
[EventDate "2019.04.01"]
[EventType "tourn"]
[EventCountry "CRO"]
[SourceTitle "playchess.com"]
[Source "ChessBase"]
[SourceQuality "1"]
[TimeControl "40/5400+30:1800+30"]

1. e4 e5 2. Nf3 Nf6 3. Nxe5 d6 4. Nf3 Nxe4 5. d4 d5 6. Bd3 Nc6 7. O-O Be7 8. Re1 Bg4 9. c4 Nf6 10. Nc3 Nxd4 11. cxd5 Bxf3 12. gxf3 c5 13. d6 Qxd6 14. Nb5 Nxb5 15. Bxb5+ Kf8 16. Qe2 h6 17. Bf4 Qxf4 18. Qxe7+ Kg8 19. Rad1 h5 20. Rd6 c4 21. Ba4 Qxf3 22. Bc2 Qg4+ 23. Kf1 Qh3+ 24. Kg1 Qg4+ 1/2-1/2

[Event "CRO-ch 2019"]
[Site "Bjelovar"]
[Date "2019.04.09"]
[Round "9.5"]
[White "Saric, Ivan"]
[Black "Brkic, Ante"]
[Result "1-0"]
[WhiteElo "2691"]
[BlackElo "2560"]
[Annotator "TA"]
[PlyCount "125"]
[EventDate "2019.04.01"]
[EventType "tourn"]
[EventCountry "CRO"]
[SourceTitle "playchess.com"]
[Source "ChessBase"]
[SourceQuality "1"]

{[%evp 9,125,17,30,37,22,12,14,14,14,20,24,16,34,20,39,28,47,25,43,28,43,35,93,84,72,81,69,61,95,93,105,100,135,137,135,92,159,161,150,135,147,52,68,33,19,8,110,40,62,62,60,56,60,53,53,57,61,24,31,30,27,23,25,38,42,18,18,14,73,7,56,42,306,306,274,282,354,344,426,461,458,435,416,372,546,511,485,385,1007,1005,897,329,1002,988,895,818,915,363,1014,1007,1007,1007,556,549,763,423,420,410,372,248,997,1273,29963,29966,29967,29964,6797,5949]} 1. e4 e5 2. Nf3 Nc6 3. g3 d6 (3... Nf6 4. d3 g6 5. Bg2 Bg7 6. c4 d6 7. h3 O-O 8. Nc3 Nd7 9. Bg5 f6 10. Be3 f5 11. exf5 gxf5 12. Qd2 {0-1 (44) Duda,J (2738)-Giri,A (2783) Wijk aan Zee 2019}) 4. Bg2 g6 5. d4 Bg4 6. d5 {C44: Ponziani Opening and Scotch Gambit} Nd4 {With the idea ...Qf6.} 7. Nbd2 Bg7 (7... Nf6 {looks sharper.} 8. h3 Nxf3+ 9. Nxf3 Bd7 10. Nd2 Bh6) 8. h3 {The position is equal.} Nxf3+ 9. Nxf3 Bd7 10. Be3 $146 ({Predecessor:} 10. O-O Ne7 11. Bg5 {½-½ (24) Schmid,M (2206)-Netzer,J (2370) Germany 2005}) 10... Ne7 11. Qd2 c6 12. c4 O-O 13. h4 $36 {[%mdl 2048] White is pushing.} cxd5 14. cxd5 f5 15. Ng5 h6 (15... Bh6 $14) 16. Ne6 $16 Bxe6 17. dxe6 fxe4 18. O-O ({Reject} 18. Bxe4 d5 $11) 18... d5 19. Bc5 {[%mdl 1024] White has strong compensation.} b6 20. Ba3 Re8 21. Rad1 Kh8 22. Rfe1 Nf5 (22... Rc8 $142) 23. Qxd5 Qxd5 24. Rxd5 e3 25. fxe3 ({White should play} 25. Rd7 $16 Rac8 26. fxe3 (26. Rxa7 Rxe6 27. Bd5 Ree8 $16)) 25... Rxe6 $14 26. Rd7 e4 27. Bh3 Rf6 (27... Be5 $11 {remains equal.}) 28. Bb4 (28. Rc1 $1 $16) 28... Rc6 29. Bxf5 $1 gxf5 30. Rf1 a5 31. Bd6 Rc2 32. Rxf5 Rac8 33. Rff7 Rxb2 34. Bc7 Bc3 $1 35. Rh7+ Kg8 36. Rxh6 {Hoping for Rg6+.} Be5 $1 37. Rd8+ Rxd8 38. Bxd8 Rxa2 (38... b5 $11 {keeps the balance.}) 39. Bxb6 $11 {[%mdl 4096] Endgame KRB-KRB} ({White should try} 39. Re6 $16 Bb8 40. Rxe4 (40. Rxb6 Ba7 $14)) 39... a4 (39... Kg7 $5 {[%cal Rg7h6]} 40. Rh5 Kf6 $11) 40. Re6 Bc3 $2 {[%mdl 8192]} (40... Bg7 $1 $14) 41. Rxe4 $18 a3 {White must now prevent ...Rc2.} 42. Ra4 Be5 43. Bc5 Kf7 44. Rxa3 Rc2 45. Bd4 Bxg3 46. h5 Ke6 (46... Rh2 $142 47. e4 Rd2 48. Rxg3 Rxd4) 47. h6 Rh2 {[#]} 48. Bg7 $1 Rh4 $2 (48... Rh5 49. Kg2 Bc7) 49. Kg2 Bc7 50. Ra7 $2 (50. Ra6+ Kd7 51. Bd4) 50... Bd6 $2 (50... Bd8 51. Kg3 Rh5) 51. Ra6 Kd7 52. Kf3 Be7 53. Kg3 $2 (53. Be5 Rh3+ 54. Kg4 Rh4+ 55. Kg3) 53... Rh1 $2 (53... Rh5 54. e4 Ke8) 54. Kg4 Ke8 55. Be5 Kf7 56. Bf4 Bf6 57. Kf5 Rh5+ 58. Ke4 Rh4 59. Ra2 Bg5 $2 (59... Rh5 60. Ra6 Rh1) 60. Ra7+ Kf6 {[#]} 61. h7 $1 {[%cal Rh7h8]} Kg6 {[#]} 62. h8=Q $1 Rxh8 63. Ra6+ {Accuracy: White = 56%, Black = 33%.} 1-0

[Event "CRO-ch 2019"]
[Site "Bjelovar"]
[Date "2019.04.09"]
[Round "9.6"]
[White "Zelcic, Robert"]
[Black "Kurajica, Bojan"]
[Result "1/2-1/2"]
[WhiteElo "2520"]
[BlackElo "2522"]
[Annotator "ChessBase"]
[PlyCount "82"]
[EventDate "2019.04.01"]
[EventType "tourn"]
[EventCountry "CRO"]
[SourceTitle "playchess.com"]
[Source "ChessBase"]
[SourceQuality "1"]
[TimeControl "40/5400+30:1800+30"]

1. e4 c5 2. Nf3 e6 3. Nc3 Nc6 4. d4 cxd4 5. Nxd4 Nf6 6. Ndb5 Bb4 7. a3 Bxc3+ 8. Nxc3 d5 9. exd5 Nxd5 10. Nxd5 exd5 11. Be2 O-O 12. O-O Bf5 13. Bd3 Qf6 14. c3 Bxd3 15. Qxd3 d4 16. Bd2 Rfd8 17. Qb5 h6 18. Rae1 Rd7 19. Re4 Rad8 20. Rfe1 Kh7 21. h4 Rd5 22. Qe2 b5 23. Qg4 Qg6 24. Qh3 h5 25. Bg5 f6 26. Re6 dxc3 27. Qxc3 Nd4 28. Ra6 Re8 29. Kh2 Rxe1 30. Qxe1 {[%emt 1:36:47]} Qf5 {[%emt 1:28:52]} 31. Bxf6 {[%emt 0:00:30]} Qf4+ {[%emt 0:03:38]} 32. Kg1 {[%emt 0:00:20]} gxf6 {[%emt 0:08:11]} 33. Qe7+ {[%emt 0:02:09]} Kg6 {[%emt 0:00:41]} 34. Qe8+ {[%emt 0:01:51]} Kh6 {[%emt 0:01:35]} 35. Qh8+ {[%emt 0:02:42]} Kg6 {[%emt 0:00:03]} 36. Qg8+ {[%emt 0:00:04]} Kh6 {[%emt 0:00:04]} 37. Qf8+ {[%emt 0:02:30]} Kg6 {[%emt 0:00:06]} 38. Qg8+ {[%emt 0:00:23]} Kh6 {[%emt 0:00:06]} 39. Qxd5 {[%emt 0:01:28]} Qc1+ {[%emt 0:00:09]} 40. Kh2 {[%emt 0:00:00]} Qf4+ {[%emt 0:00:00]} 41. Kg1 {[%emt 0:15:53]} Qc1+ {[%emt 0:01:05]} 1/2-1/2

[Event "CRO-ch 2019"]
[Site "Bjelovar"]
[Date "2019.04.10"]
[Round "10.1"]
[White "Bosiocic, Marin"]
[Black "Kurajica, Bojan"]
[Result "1-0"]
[WhiteElo "2613"]
[BlackElo "2522"]
[Annotator "RC"]
[PlyCount "125"]
[EventDate "2019.04.01"]
[EventType "tourn"]
[EventCountry "CRO"]
[SourceTitle "playchess.com"]
[Source "ChessBase"]
[SourceQuality "1"]
[TimeControl "40/5400+30:1800+30"]

1. e4 {[%emt 0:00:30]} c5 {[%emt 0:00:30]} 2. Nf3 {[%emt 0:00:00]} e6 {[%emt 0:00:00]} 3. d4 {[%emt 0:00:00]} cxd4 {[%emt 0:00:00]} 4. Nxd4 {[%emt 0:00:30]} Nf6 {[%emt 0:00:30]} 5. Nc3 {[%emt 0:00:00]} Nc6 {[%emt 0:00:00]} 6. Nxc6 {[%emt 0:00:00]} bxc6 {[%emt 0:00:00]} 7. e5 {[%emt 0:00:30]} Nd5 {[%emt 0:00:00]} 8. Ne4 {[%emt 0:00:30]} Qc7 {[%emt 0:00:00]} 9. f4 {[%emt 0:00:00]} Qa5+ {[%emt 0:00:30]} 10. Qd2 {[%emt 0:06:00]} Qb6 {[%emt 0:05:30]} 11. a3 {[%emt 0:03:30]} f5 {[%emt 0:00:30]} 12. exf6 {[%emt 0:00:30]} Nxf6 {[%emt 0:00:00]} 13. Nxf6+ {[%emt 0:02:30]} gxf6 {[%emt 0:00:00]} 14. Qc3 {[%emt 0:02:30]} Bc5 {[%emt 0:04:30]} 15. Qxf6 {[%emt 0:01:30]} Bd4 {[%emt 0:16:30]} 16. Qg5 {[%emt 0:01:30]} Bxb2 {[%emt 0:01:30]} 17. Bxb2 {[%emt 0:01:30]} Qxb2 {[%emt 0:00:00]} 18. Qe5 {[%emt 0:00:30]} Qxe5+ {[%emt 0:03:00]} 19. fxe5 {[%emt 0:00:30]} Rg8 {[%emt 0:00:00]} 20. O-O-O {[%emt 0:07:30]} c5 {[%emt 0:12:00]} 21. Bd3 {[%emt 0:02:30]} Bb7 {[%emt 0:00:30]} 22. Bxh7 {[%emt 0:03:30]} Rxg2 {[%emt 0:01:30]} 23. Rhg1 {[%emt 0:06:30]} Ke7 {[%emt 0:01:30]} 24. Rxg2 {[%emt 0:00:30]} Bxg2 {[%emt 0:00:00]} 25. Bd3 {[%emt 0:01:30]} Bd5 {[%emt 0:31:00]} 26. Rg1 {[%emt 0:01:30]} Rh8 {[%emt 0:06:47]} 27. Rg7+ {[%emt 0:01:30]} Kd8 {[%emt 0:00:27]} 28. Bh7 {[%emt 0:05:30]} Rf8 {[%emt 0:04:48]} 29. Rg8 {[%emt 0:00:30]} Rxg8 {[%emt 0:00:06]} 30. Bxg8 {[%emt 0:00:30]} Be4 {[%emt 0:00:08]} 31. Bf7 {[%emt 0:00:00]} Ke7 {[%emt 0:00:16]} 32. Bh5 {[%emt 0:00:00]} d6 {[%emt 0:00:40]} 33. exd6+ {[%emt 0:00:30]} Kxd6 {[%emt 0:00:02]} 34. Kd2 {[%emt 0:06:30]} Ke5 {[%emt 0:01:22]} 35. Bg4 {[%emt 0:00:00]} Kf6 {[%emt 0:03:41]} 36. Be2 {[%emt 0:03:00]} e5 {[%emt 0:00:59]} 37. Bd3 {[%emt 0:01:30]} Bd5 {[%emt 0:00:54]} 38. h4 {[%emt 0:01:30]} e4 {[%emt 0:03:45]} 39. Be2 {[%emt 0:01:30]} Bf7 {[%emt 0:00:49]} 40. Ke3 {[%emt 0:00:00]} Ke5 {[%emt 0:00:00]} 41. Bg4 {[%emt 0:01:00]} Be8 {[%emt 0:12:16]} 42. h5 {[%emt 0:00:30]} Bf7 {[%emt 0:01:30]} 43. h6 {[%emt 0:00:30]} Bg6 {[%emt 0:00:30]} 44. Bc8 {[%emt 0:00:30]} Bh7 {[%emt 0:00:30]} 45. Ba6 {[%emt 0:00:30]} Kf5 {[%emt 0:01:30]} 46. Bb7 {[%emt 0:03:30]} Ke5 {[%emt 0:00:30]} 47. c3 {[%emt 0:10:30]} Bg6 {[%emt 0:00:00]} 48. Ba8 {[%emt 0:01:30]} Bh7 {[%emt 0:00:00]} 49. Bc6 {[%emt 0:00:30]} Bg6 {[%emt 0:01:30]} 50. Bb7 {[%emt 0:00:00]} Bh7 {[%emt 0:00:30]} 51. Bc8 {[%emt 0:00:00]} Bg6 {[%emt 0:00:30]} 52. Bb7 {[%emt 0:00:30]} Bh7 {[%emt 0:00:30]} 53. Ba6 {[%emt 0:00:30]} Bg6 {[%emt 0:00:30]} 54. a4 {[%emt 0:00:00]} Bh7 {[%emt 0:01:30]} 55. a5 {[%emt 0:00:00]} Bg6 {[%emt 0:00:30]} 56. Bc4 {[%emt 0:00:30]} Bh7 {[%emt 0:00:00]} 57. Bb3 {[%emt 0:00:30]} Kf5 {[%emt 0:08:32]} 58. Bd5 {[%emt 0:00:00]} Ke5 {[%emt 0:04:58]} 59. c4 {[%emt 0:00:00]} Bf5 {[%emt 0:03:18]} 60. Bg8 {[%emt 0:00:30]} Kf6 {[%emt 0:00:22]} 61. Kf4 {[%emt 0:00:30]} Kg6 {[%emt 0:01:14]} 62. Bd5 {[%emt 0:00:30]} e3 {[%emt 0:00:53]} 63. Kxe3 {[%emt 0:00:30]} 1-0

[Event "CRO-ch 2019"]
[Site "Bjelovar"]
[Date "2019.04.10"]
[Round "10.2"]
[White "Brkic, Ante"]
[Black "Zelcic, Robert"]
[Result "1-0"]
[WhiteElo "2560"]
[BlackElo "2520"]
[Annotator "TA"]
[PlyCount "137"]
[EventDate "2019.04.01"]
[EventType "tourn"]
[EventCountry "CRO"]
[SourceTitle "playchess.com"]
[Source "ChessBase"]
[SourceQuality "1"]

{[%evp 15,137,50,36,31,40,39,45,48,31,32,54,53,53,45,62,27,59,17,114,103,110,98,88,91,95,67,67,56,109,94,143,136,134,134,130,130,117,117,148,149,146,137,153,86,139,102,129,107,237,106,236,229,237,237,951,713,718,690,1358,1358,1240,529,1358,1358,1358,1358,1350,1350,1343,1336,1337,1326,1319,1319,1319,1319,1217,951,785,760,29957,29960,29965,29966,29962,2329,29967,29965,29964,29963,29962,29964,29960,10804,29972,29970,29970,180,180,180,29971,29968,29972,29973,29972,29973,29971,29969,29960,29970,29961,29971,29967,29972,29969,29974,29971,29974,29973,29975,29974,29975,29972,29972]} 1. e4 c6 2. d4 d5 3. e5 Bf5 4. Nf3 e6 5. Be2 c5 6. Be3 cxd4 7. Nxd4 Ne7 8. O-O Nbc6 9. Bb5 {B12: Caro-Kann: Advance Variation} a6 10. Bxc6+ $1 (10. Nxf5 Nxf5 11. Bxc6+ bxc6 $15) 10... Nxc6 11. Nxf5 {White is slightly better.} exf5 12. c3 Qd7 13. f4 $146 ({Predecessor:} 13. Re1 Be7 14. Nd2 O-O 15. Nf3 Qe6 16. Qb3 b5 {1-0 (40) Dominguez Perez,L (2739)-So,W (2780) Saint Louis 2018}) 13... Be7 14. Nd2 O-O 15. Nf3 b5 16. a4 Qe6 (16... Na5 $11 {keeps the balance.}) 17. b4 $16 f6 {[%cal Rf6e5]} 18. Nd4 Nxd4 19. Bxd4 fxe5 20. Bxe5 Qc6 21. Qd4 $36 {[%mdl 2048] White fights for an advantage.} Bf6 (21... Bd8 $1 $14 22. a5 (22. axb5 Qxb5 23. Qf2 a5 $14) 22... Rf7) 22. Bxf6 Rxf6 23. axb5 axb5 24. Rxa8+ Qxa8 {[%mdl 4096] Endgame KQR-KQR} 25. Rd1 Rd6 26. Qc5 Qc6 27. Qxc6 Rxc6 28. Rxd5 Rxc3 29. Rxb5 {KR-KR} (29. Rxf5 $142 Rc4 30. Rxb5) 29... Rb3 (29... Rc1+ $142 30. Kf2 Rc2+ 31. Kg3 g6) 30. h4 Rb1+ 31. Kh2 Rb3 (31... g6 $16 {was necessary.}) 32. Rb7 ({Resist} 32. Rxf5 $6 Rxb4 33. Kg3 g6 $16) (32. h5 $18 {and White stays clearly on top.}) 32... h6 (32... g6 $16) 33. h5 $18 Kh7 34. b5 {[%cal Bb4b5,Bb5b6][%mdl 32]} Rb4 $2 (34... Kg8 35. b6 Rb2 36. Rb8+ Kf7) 35. b6 Kg8 36. Kg3 Kf8 37. Kf3 Rb3+ 38. Ke2 Ke8 39. Rxg7 Rxb6 40. Rg6 Rb2+ 41. Kf3 Rb3+ 42. Kf2 Rb2+ 43. Kg3 Rb3+ 44. Kh2 Rb4 45. g3 $1 Rb2+ 46. Kh3 Kf7 47. Rxh6 Rb1 48. Kh4 Rh1+ 49. Kg5 Rh3 50. Rh7+ (50. Kxf5 $142 Rxg3 51. Rf6+ Ke7 52. Ra6 Rh3 53. Ra7+ Kf8 54. Kg6 Rg3+ 55. Kh7) 50... Kg8 51. Ra7 Rxg3+ 52. Kxf5 Rb3 53. Kg5 Rb5+ 54. f5 {White wants to mate with Kg6.} Rb6 55. h6 Rb1 56. Re7 $2 (56. Rg7+ {mates} Kh8 57. Re7 Rg1+ 58. Kf4 Rf1+ 59. Ke5 Re1+ 60. Kf6 Rd1 61. Ke5) 56... Rg1+ 57. Kf6 {White threatens Rg7+ and mate.} Rh1 $2 (57... Rb1 $18 58. Rg7+ Kh8) 58. Re8+ {White mates.} Kh7 59. Kf7 Ra1 60. f6 Ra6 61. Ke7 Ra7+ 62. Ke6 $1 Ra6+ 63. Kf5 Ra5+ {[#]} 64. Re5 $1 Ra1 65. f7 Rf1+ 66. Ke6 Kg6 {[#]} 67. Rg5+ $3 {[%mdl 576] Deflection} Kxg5 68. h7 Rf6+ 69. Ke7 {Accuracy: White = 75%, Black = 27%.} 1-0

[Event "CRO-ch 2019"]
[Site "Bjelovar"]
[Date "2019.04.10"]
[Round "10.3"]
[White "Saric, Ante"]
[Black "Saric, Ivan"]
[Result "1/2-1/2"]
[WhiteElo "2530"]
[BlackElo "2691"]
[Annotator "TA"]
[PlyCount "49"]
[EventDate "2019.04.01"]
[EventType "tourn"]
[EventCountry "CRO"]
[SourceTitle "playchess.com"]
[Source "ChessBase"]
[SourceQuality "1"]

{[%evp 18,49,17,13,20,-14,0,-6,0,0,0,0,0,0,0,0,18,0,0,0,0,0,0,0,0,0,0,0,0,0,0,0,0,0]} 1. Nf3 d5 2. d4 e6 3. c4 a6 4. Nbd2 Nf6 5. g3 Be7 6. Bg2 O-O 7. O-O b6 8. b3 Bb7 9. Bb2 a5 10. a3 {The position is equal.} c5 {E15: Queen's Indian: 4 g3 sidelines, 4 g3 Ba6 and 4 g3 Bb7 early deviations} 11. Qc2 Nbd7 12. Rfd1 $146 ({Predecessor:} 12. Rad1 a4 13. bxa4 Bc6 14. Qb1 Rxa4 15. Ne5 Nxe5 16. dxe5 Ne8 17. cxd5 exd5 18. Ne4 {½-½ (30) Hellsten,J (2477)-Istratescu,A (2622) Kavala 2002}) 12... a4 13. Ne5 cxd4 14. Bxd4 axb3 15. Qxb3 Nxe5 16. Bxe5 Nd7 17. Bd4 {[%cal Rc4d5]} e5 18. cxd5 exd4 {[#]} 19. d6 $1 {[%mdl 512]} Bxg2 (19... Bxd6 20. Bxb7) 20. dxe7 Qxe7 21. Kxg2 Qxe2 22. Nf3 Ne5 23. Rxd4 Nxf3 24. Qxf3 Qxf3+ 25. Kxf3 {Accuracy: White = 63%, Black = 70%.} 1/2-1/2